000 00448nam a2200181Ia 4500
001 11279
005 20260306161934.0
008 260306t1577||||xx |||||||||||||| ||spa||
041 _aESP
082 _a985.02
_bP85 T. 2
100 _aPrescott, Guillermo H.
_eAUT
245 0 _aHistoria de la conquista del Perú:
_b(versión completa)
260 _c1577
300 _a
_c17 cm.
650 _aGEN
654 _aCHU
942 _cLIB
_dJUS
_fJUS
_2ddc
_n
999 _c11279
_d11279